000 00589 a2200169 4500
005 20190806102636.0
008 190527b1983 fr ||||| |||| 00| 0 fre d
020 _a2259010059
040 _aCO-BoUCM
_bspa
_cOscar Ávila (modificó)
_dOscar Ávila (modificó)
041 0 _afre
100 1 0 _aPeyrefitte, Alain
_971827
245 _aQuand la rose se fanera...
_bdu malentendu á l´espoir
_cAlain Peyrefitte
260 _bPlon
_c1983
_aParis
_g1983
650 7 _913709
_aEconomía política
942 _cLIBRO
_2DEWEY
_a7
_e1
_h335.00944
_mP515q
_n0
999 _c312293
_d312293